000 00672nam a2200253 a 4500
999 _c6983
_d6983
001 6983
003 BD-JhCC
005 20190903134018.0
008 180203s1975 i |||| || | 000 0 eng d
020 _a0706903609
035 _a(BD-JhCC)6983
040 _aBD-JhCC
_dBD-JhCC
041 _aeng
082 _a796.03
_bGOE 1975
100 _aGoel, R. G.
245 _aEncyclopaedia of Sports and Games /
_cR. G. Goel and Chander Mehra,
260 _aDelhi :
_bVikas Publishing House Pvt Ltd,
_c1975.
300 _a685 p. :
_c20 cm.
650 _aSports
_vGames
650 _aGames
_xEncyclopedia
700 _aMehra, Chander
942 _2ddc
_cBK
_02